The 2016 Presidential Elections in Austria

Analýza rakúskych prezidentských volieb v roku 2016 a súvisiacej predvolebnej situácie, s objasnením, prečo boli práve výsledky týchto volieb také dôležité pre Európsku úniu a európsky kontinent. Najdôležitejšie otázky z pohľadu Rakúska a Európy boli nespokojnosť voličov s hlavnými politickými stran...

Descripción completa

Guardado en:
Detalles Bibliográficos
Autor principal: Csányi, Peter, 1978-
Formato: Capítulo de libro
Lenguaje:inglés
Materias:
Etiquetas: Agregar Etiqueta
Sin Etiquetas, Sea el primero en etiquetar este registro!

MARC

LEADER 00000naa$a2200000$$$4500
001 0282500
005 20240502074405.6
041 0 |a eng 
044 |a SK 
245 1 0 |a The 2016 Presidential Elections in Austria  |c Peter Csányi 
520 |a Analýza rakúskych prezidentských volieb v roku 2016 a súvisiacej predvolebnej situácie, s objasnením, prečo boli práve výsledky týchto volieb také dôležité pre Európsku úniu a európsky kontinent. Najdôležitejšie otázky z pohľadu Rakúska a Európy boli nespokojnosť voličov s hlavnými politickými stranami v Rakúsku a riešenie utečeneckej krízy v Európskej únii, so sledovaním ich vplyvu na výsledky prezidentských volieb a či sa krajina stala súčasťou širšieho trendu „antiestablišmentu“ na celom kontinente. 
610 2 0 |a politológia 
610 2 0 |a voľby 
610 2 0 |a prezidenti 
610 2 0 |a situácia politická 
610 2 0 |a strany politické 
610 2 0 |a kríza politická 
610 2 0 |a utečenci 
610 2 0 |a populizmus 
610 2 0 |a Rakúsko 
610 2 0 |a Európska únia 
610 2 0 |a Európa 
100 1 |a Csányi, Peter, 1978-